Les AOP européennes de fruits, légumes et céréales - Statistiques

Statistiques générales
  • Ce quiz a été pris 19 fois
  • Le résultat moyen est 82 sur 210
Statistiques - réponses
Question Tuile Select % Correct
Abricot Non
94%
Abricot Non
94%
Abricot Non
94%
Abricot Non
94%
Abricot Non
94%
Abricot Non
94%
Abricot Non
94%
Abricot Non
94%
Abricot Non
94%
Abricot Non
88%
Abricot Non
81%
Ail Non
75%
Ail Non
75%
Ail Non
75%
Abricot Oui
69%
Ail Non
69%
Ail Non
69%
Ail Non
69%
Ail Non
69%
Ail Non
63%
Ail Oui
63%
Ail Non
63%
Ail Non
63%
Ail Non
63%
Ail Non
63%
Abricot Non
56%
Ail Non
56%
Artichaut Non
56%
Artichaut Non
56%
Artichaut Non
56%
Artichaut Non
56%
Artichaut Non
56%
Artichaut Non
56%
Cerise Non
56%
Cerise Non
56%
Cerise Non
56%
Cerise Non
56%
Cerise Non
56%
Cerise Non
56%
Cerise Non
56%
Abricot Non
50%
Artichaut Non
50%
Artichaut Non
50%
Artichaut Non
50%
Cerise Non
50%
Châtaigne Non
50%
Châtaigne Non
50%
Châtaigne Non
50%
Châtaigne Non
50%
Piment/poivron Non
50%
Piment/poivron Non
50%
Piment/poivron Non
50%
Piment/poivron Non
50%
Piment/poivron Non
50%
Piment/poivron Non
50%
Safran Non
50%
Safran Non
50%
Safran Non
50%
Safran Non
50%
Safran Non
50%
Artichaut Non
44%
Artichaut Non
44%
Artichaut Non
44%
Camomille Non
44%
Camomille Non
44%
Camomille Non
44%
Camomille Non
44%
Camomille Non
44%
Camomille Non
44%
Cerise Non
44%
Châtaigne Non
44%
Châtaigne Non
44%
Châtaigne Non
44%
Châtaigne Non
44%
Châtaigne Non
44%
Haricot Non
44%
Haricot Non
44%
Haricot Non
44%
Haricot Non
44%
Oignon Non
44%
Oignon Non
44%
Oignon Non
44%
Oignon Non
44%
Oignon Non
44%
Piment/poivron Non
44%
Piment/poivron Non
44%
Piment/poivron Non
44%
Pomme Non
44%
Pomme Non
44%
Pomme Non
44%
Pomme de terre Non
44%
Pomme de terre Non
44%
Pomme de terre Non
44%
Prune Non
44%
Prune Non
44%
Prune Non
44%
Prune Non
44%
Raisin Non
44%
Raisin Non
44%
Safran Non
44%
Safran Non
44%
Safran Non
44%
Safran Non
44%
Camomille Non
38%
Camomille Non
38%
Camomille Non
38%
Camomille Non
38%
Camomille Non
38%
Châtaigne Oui
38%
Châtaigne Non
38%
Châtaigne Non
38%
Châtaigne Non
38%
Haricot Non
38%
Haricot Non
38%
Haricot Non
38%
Oignon Oui
38%
Oignon Non
38%
Oignon Non
38%
Oignon Non
38%
Piment/poivron Non
38%
Pomme Oui
38%
Pomme Non
38%
Pomme Non
38%
Pomme Non
38%
Pomme Non
38%
Pomme de terre Non
38%
Pomme de terre Non
38%
Pomme de terre Non
38%
Pomme de terre Non
38%
Pomme de terre Non
38%
Prune Non
38%
Prune Non
38%
Prune Non
38%
Prune Non
38%
Prune Non
38%
Prune Non
38%
Raisin Non
38%
Raisin Non
38%
Raisin Non
38%
Raisin Non
38%
Raisin Non
38%
Raisin Non
38%
Safran Non
38%
Safran Non
38%
Safran Non
38%
Ail Oui
31%
Haricot Non
31%
Haricot Non
31%
Haricot Non
31%
Oignon Non
31%
Piment/poivron Oui
31%
Piment/poivron Non
31%
Pomme Non
31%
Pomme Non
31%
Pomme de terre Oui
31%
Pomme de terre Non
31%
Raisin Oui
31%
Raisin Non
31%
Camomille Non
25%
Cerise Non
25%
Oignon Non
25%
Piment/poivron Oui
25%
Pomme Non
25%
Prune Non
25%
Raisin Non
25%
Safran Oui
25%
Artichaut Non
19%
Haricot Non
19%
Piment/poivron Oui
19%
Pomme de terre Non
19%
Pomme de terre Oui
19%
Safran Oui
19%
Safran Oui
19%
Camomille Non
13%
Cerise Oui
13%
Cerise Oui
13%
Châtaigne Oui
13%
Châtaigne Oui
13%
Haricot Oui
13%
Prune Non
13%
Prune Oui
13%
Raisin Non
13%
Artichaut Oui
6%
Cerise Oui
6%
Cerise Oui
6%
Haricot Oui
6%
Oignon Oui
6%
Oignon Oui
6%
Piment/poivron Oui
6%
Pomme Oui
6%
Pomme Oui
6%
Pomme de terre Oui
6%
Pomme de terre Oui
6%
Prune Oui
6%
Prune Oui
6%
Raisin Oui
6%
Raisin Oui
6%
Abricot Oui
0%
Artichaut Oui
0%
Camomille Oui
0%
Camomille Oui
0%
Cerise Oui
0%
Haricot Oui
0%
Haricot Oui
0%
Oignon Oui
0%
Oignon Oui
0%
Pomme Oui
0%
Pomme Oui
0%
Pomme de terre Oui
0%
Raisin Oui
0%
Aucun quiz correspondant
Distribution des résultats
% des personnes avec chaque résultat
Percentile par nombre de réponses
Votre historique - résultats
Vous n’avez pas pris ce quiz